| 000 | 00628nam a22001937a 4500 | ||
|---|---|---|---|
| 003 | OSt | ||
| 005 | 20251105081800.0 | ||
| 008 | 251105b |||||||| |||| 00| 0 eng d | ||
| 020 | _a974-9823-36-2. | ||
| 040 |
_aDWCL Main lib _cOC |
||
| 082 | _aCirc. 617.0028 R975d 2005 | ||
| 100 | _aRutherford, Colleen | ||
| 245 |
_aDifferentiating surgical instruments/ _cColleen Rutherford |
||
| 260 |
_aPhiladelphia : _b F. A. Davis Company, _cc2005. |
||
| 300 |
_axvi, 183 pages _b: illustrations _c ; 28 centimeter. |
||
| 504 | _aIncludes index. | ||
| 650 | _aSurgical instruments and apparatus. | ||
| 942 |
_2ddc _cBK-CIRC _hCirc. _n0 |
||
| 999 |
_c5499 _d5499 |
||